00411nam a2200145Ia 4500008004100000020001500041041001200056082001600068100001400084245009200098260002500190300000800215650002100223700002100244221030s9999 xx 000 0 und d a0074638416 aEnglish a105.23bRay aA. K. Ray 0aAdvanced Microproceesors & Peripherals ( DEPARTMENTAL )cby A. K. Ray, K. M. Bhurchandi bTMHaNew Delhic2003 a666 aCSE Departmental aK. M. Bhurchandi